[Event "2024 British Rapidplay Championship"]
[Site "Holiday Inn Peterborough - West"]
[Date "2024.03.02"]
[Round "1.50"]
[White "Hristov, Georgi"]
[Black "Dupuis, Denis K"]
[Result "0-1"]
[WhiteFideId "5901766"]
[BlackFideId "452980"]
[WhiteElo "1654"]
[BlackElo "1934"]
[EventDate "2024.03.02"]

1. d4 d5 2. Nf3 Nf6 3. e3 Bf5 4. Bd3 Bxd3 5. cxd3 e6 6. b3 Bd6 7. O-O O-O 8. Re1
Nbd7 9. Nbd2 e5 10. dxe5 Nxe5 11. Nxe5 Bxe5 12. Rb1 Re8 13. Nf3 Bd6 14. Bb2 c6 15.
Rc1 Qa5 16. Bxf6 gxf6 17. Rc2 Qc7 18. h3 Kh8 19. Nd4 Qd7 20. Qf3 Be5 21. Nf5 Rg8
22. d4 Bc7 23. Kh1 Rg5 24. Ng3 Qe6 25. e4 Bxg3 26. fxg3 f5 27. e5 Rag8 28. g4 fxg4
29. Qf6+ Qxf6 30. exf6 gxh3 31. gxh3 Rf5 32. Re7 Rxf6 33. Rxb7 Rf3 34. Kh2 a5 35.
Rg2 Rd3 36. Rxg8+ Kxg8 37. Ra7 Rd2+ 38. Kg3 Rxa2 39. Kf4 Re2 40. Rxa5 Re4+ 41. Kg5
Rxd4 42. h4 Kg7 43. Rc5 Rb4 44. Rxc6 Rxb3 45. h5 h6+ 46. Kg4 Rb1 47. Rd6 Rg1+ 48.
Kf3 Rg5 49. Ke3 Rxh5 50. Kf4 Rg5 51. Rd7 Kg6 52. Rd6+ f6 53. Rd8 h5 54. Ke3 h4 55.
Kf4 h3 56. Rh8 Rh5 57. Rg8+ Kf7 58. Rg1 h2 59. Rh1 Ke6 60. Re1+ Kd6 61. Rh1 d4 62.
Ke4 Rh4+ 63. Kd3 Kd5 64. Kd2 f5 65. Kd3 Rh3+ 66. Ke2 Ke4 67. Kf2 Ra3 68. Kg2 Ra2+
69. Kg3 f4+ 70. Kh3 f3 71. Kg3 Rg2+ 72. Kh3 d3 73. Re1+ Re2 74. Rh1 d2 0-1

[Event "2024 British Rapidplay Championship"]
[Site "Holiday Inn Peterborough - West"]
[Date "2024.03.02"]
[Round "1.51"]
[White "Dougherty, Michael"]
[Black "Singha, Swati"]
[Result "1-0"]
[WhiteFideId "2601559"]
[BlackFideId "45013004"]
[WhiteElo "2030"]
[BlackElo "1648"]
[EventDate "2024.03.02"]

1. d4 d5 2. Nf3 Nf6 3. Bg5 h6 4. Bxf6 exf6 5. e3 Bg4 6. c4 c6 7. Nc3 Bb4 8. Qb3 Qa5
9. Be2 O-O 10. O-O dxc4 11. Qxc4 Bxc3 12. bxc3 Be6 13. Qb4 Qc7 14. a4 a5 15. Qb2
Nd7 16. Rab1 Rab8 17. c4 f5 18. Rbc1 Nf6 19. d5 Bd7 20. Rfd1 c5 21. Qa1 Ne4 22. d6
Qd8 23. Ne5 f6 24. Ng6 Rf7 25. Bh5 Be8 26. Rd5 Nxd6 27. Nf4 Rd7 28. Ne6 Qe7 29. Nxc5
Bxh5 30. Nxd7 Bf7 31. Nxb8 Bxd5 32. cxd5 Qd8 33. Nc6 bxc6 34. dxc6 Qc7 35. Qa2+ Kh7
36. Qe6 Kg6 37. Qd7 Qxd7 38. cxd7 Nf7 39. Rc8 Kg5 40. Rf8 1-0

[Event "2024 British Rapidplay Championship"]
[Site "Holiday Inn Peterborough - West"]
[Date "2024.03.02"]
[Round "1.52"]
[White "Mohamed Nasrudeen Meeran, Muiz Ul Meeran"]
[Black "Ledger, Stephen C"]
[Result "1/2-1/2"]
[WhiteFideId "343423744"]
[BlackFideId "404470"]
[WhiteElo "1642"]
[BlackElo "1983"]
[EventDate "2024.03.02"]

1. e4 c5 2. Nf3 Nc6 3. d4 cxd4 4. Nxd4 e5 5. Nxc6 bxc6 6. Nc3 Nf6 7. Bc4 Bb4 8. Bd3
O-O 9. O-O d5 10. exd5 cxd5 11. Bg5 Bxc3 12. bxc3 h6 13. Bh4 Qd6 14. c4 e4 15. Be2
d4 16. f3 Bb7 17. Bxf6 Qxf6 18. fxe4 Qe5 19. Bd3 Bxe4 20. Re1 f5 21. Qh5 Rae8 22.
Re2 Qf6 23. Rae1 Kh7 24. Rf2 g6 25. Qd1 Qc6 26. Rfe2 Bxd3 27. cxd3 Kg7 28. Re7+ Rxe7
29. Rxe7+ Rf7 30. Qe2 Qd6 31. Re6 Qf4 32. Qf2 Qxf2+ 33. Kxf2 Rb7 34. Re2 Kf6 35.
Rc2 g5 36. Re2 h5 37. h3 Rb1 38. Rc2 Rb7 1/2-1/2

[Event "2024 British Rapidplay Championship"]
[Site "Holiday Inn Peterborough - West"]
[Date "2024.03.02"]
[Round "1.53"]
[White "Iyengar, Ilya"]
[Black "Veeturi, Yashvardhan"]
[Result "1-0"]
[WhiteFideId "405949"]
[BlackFideId "343402496"]
[WhiteElo "1951"]
[BlackElo "1642"]
[EventDate "2024.03.02"]

1. d4 e6 2. Nf3 f5 3. g3 Nf6 4. Bg2 d5 5. O-O Bd6 6. b3 Qe7 7. Bb2 c6 8. c4 O-O 9.
Nc3 Bd7 10. Ne5 Be8 11. Nd3 Nbd7 12. Rc1 Bh5 13. f3 Rae8 14. Qd2 e5 15. dxe5 Nxe5
16. Nxe5 Bxe5 17. cxd5 Nxd5 18. Nxd5 cxd5 19. Qxd5+ Bf7 20. Qxe5 Qxe5 21. Bxe5 Rxe5
22. e4 fxe4 23. fxe4 Ra5 24. Rf2 Rd8 25. Rc7 Be6 26. h3 b6 27. Re7 Bc8 28. Rff7 Rg5
29. Kh2 a6 30. g4 Be6 31. Rf2 Rg6 32. e5 h6 33. Be4 Bf5 34. gxf5 Rg5 35. f6 Kf8 36.
Rb7 Rxe5 37. fxg7+ Kg8 38. Bd3 Rg5 39. Bc4+ Kh7 40. g8=Q# 1-0

[Event "2024 British Rapidplay Championship"]
[Site "Holiday Inn Peterborough - West"]
[Date "2024.03.02"]
[Round "1.54"]
[White "Hill, Callum"]
[Black "Repasi, Zoltan"]
[Result "0-1"]
[WhiteFideId "343403913"]
[BlackFideId "724602"]
[WhiteElo "1635"]
[BlackElo "2097"]
[EventDate "2024.03.02"]

1. e4 g6 2. d4 Bg7 3. Bc4 e6 4. Nc3 Ne7 5. f4 d5 6. exd5 exd5 7. Bb3 O-O 8. Be3 Re8
9. Nge2 c6 10. Qd2 b5 11. a4 b4 12. Na2 a5 13. Nac1 Nd7 14. Nd3 Nf5 15. Ne5 Nxe3
16. Qxe3 Nxe5 17. fxe5 f6 18. Qd2 fxe5 19. dxe5 Qh4+ 20. Ng3 Rxe5+ 21. Kd1 Bg4+ 22.
Kc1 Bh6 23. Qxh6 Qxh6+ 24. Kb1 Rae8 25. Ka2 Be2 26. Rae1 Bc4 27. Rd1 Qf4 28. Rhf1
Bxf1 29. Rxf1 Qh6 30. Rf3 c5 31. c4 bxc3 32. Rxc3 c4 33. Bc2 Re3 34. Rxe3 Rxe3 35.
Nf1 Re2 36. Ng3 Rxc2 37. Kb1 Qc1+ 38. Ka2 Qxb2# 0-1

[Event "2024 British Rapidplay Championship"]
[Site "Holiday Inn Peterborough - West"]
[Date "2024.03.02"]
[Round "1.55"]
[White "Nawalaniec, Adam"]
[Black "Bellano, Harry"]
[Result "1-0"]
[WhiteFideId "21023786"]
[BlackFideId "343430015"]
[WhiteElo "1977"]
[BlackElo "1632"]
[EventDate "2024.03.02"]

1. e4 e5 2. Nf3 Nc6 3. Bc4 Bc5 4. O-O Nf6 5. d4 Bxd4 6. Nxd4 Nxd4 7. Bg5 h6 8. Bh4
d6 9. f4 Be6 10. Na3 Bxc4 11. Nxc4 b5 12. fxe5 dxe5 13. Nxe5 Qd6 14. c3 Qxe5 15.
cxd4 Qe6 16. d5 Qb6+ 17. Bf2 Qd6 18. e5 Qxe5 19. Re1 Ne4 20. Bd4 Qxd5 21. Bxg7 Qxd1
22. Raxd1 f5 23. Bxh8 Kf7 24. Be5 c5 25. g4 Ng5 26. Rf1 Ke6 27. Rxf5 Rg8 28. Rd6+
Ke7 29. Rxh6 Ne4 30. h3 c4 31. Bd4 a5 32. Re5+ 1-0

[Event "2024 British Rapidplay Championship"]
[Site "Holiday Inn Peterborough - West"]
[Date "2024.03.02"]
[Round "1.56"]
[White "Wainwright, Charlie"]
[Black "Rich, Ben S"]
[Result "0-1"]
[WhiteFideId "343426310"]
[BlackFideId "490431"]
[WhiteElo "1632"]
[BlackElo "1918"]
[EventDate "2024.03.02"]

1. d4 c5 2. d5 Nf6 3. c4 g6 4. Nc3 Bg7 5. e4 d6 6. f4 O-O 7. Nf3 e6 8. Bd3 Re8 9.
O-O Na6 10. Re1 Nc7 11. Be3 exd5 12. cxd5 a6 13. a4 Rb8 14. Qb3 b5 15. axb5 axb5
16. Qc2 c4 17. Bf1 b4 18. Na4 c3 19. Bd4 Bd7 20. bxc3 b3 21. Qb1 Bxa4 22. Rxa4 Nb5
23. Bxb5 Rxb5 24. Rb4 Rxb4 25. cxb4 Ng4 26. Bxg7 Kxg7 27. Qxb3 Qb6+ 28. Kh1 Nf2+
29. Kg1 Nh3+ 30. Kh1 Qg1+ 31. Nxg1 Nf2# 0-1

[Event "2024 British Rapidplay Championship"]
[Site "Holiday Inn Peterborough - West"]
[Date "2024.03.02"]
[Round "1.57"]
[White "Fellowes, Billy"]
[Black "Chedd, Neil"]
[Result "1-0"]
[WhiteFideId "483540"]
[BlackFideId "343422853"]
[WhiteElo "1959"]
[BlackElo "1603"]
[EventDate "2024.03.02"]

1. d4 c6 2. Bf4 Nf6 3. Nc3 d5 4. Nf3 Bf5 5. e3 e6 6. Bd3 Bxd3 7. cxd3 Bd6 8. Ne5
Qc7 9. Rc1 a6 10. O-O O-O 11. Qe2 Nbd7 12. Nxd7 Qxd7 13. Bg5 Be7 14. Rfd1 Rac8 15.
Na4 Rc7 16. e4 dxe4 17. dxe4 Ne8 18. Bf4 Bd6 19. Nb6 Qd8 20. e5 Be7 21. Qg4 g6 22.
Bd2 c5 23. Ba5 cxd4 24. Nc4 Qd7 25. Bxc7 Nxc7 26. Rxd4 Nd5 27. Nb6 Qb5 28. Nxd5 exd5
29. Rcd1 Qxb2 30. Rxd5 Qxa2 31. Rd7 Bc5 32. Qf3 b6 33. h4 Qe6 34. Qf4 a5 35. Rd8
b5 36. R1d5 Be7 37. Rxf8+ Bxf8 38. Rxb5 Bb4 39. h5 Qe7 40. Rb8+ Kg7 41. h6# 1-0

[Event "2024 British Rapidplay Championship"]
[Site "Holiday Inn Peterborough - West"]
[Date "2024.03.02"]
[Round "1.58"]
[White "Brown, Chris"]
[Black "He, Tom Junde"]
[Result "0-1"]
[WhiteFideId "343412343"]
[BlackFideId "488810"]
[WhiteElo "1623"]
[BlackElo "1922"]
[EventDate "2024.03.02"]

1. e4 c5 2. c3 Nf6 3. e5 Nd5 4. d4 cxd4 5. cxd4 Nc6 6. Nf3 e6 7. Be2 d6 8. exd6 Bxd6
9. O-O O-O 10. Nc3 Nf4 11. Bxf4 Bxf4 12. d5 Ne5 13. Nxe5 Bxe5 14. dxe6 Bxe6 15. Re1
Rc8 16. Rc1 Qa5 17. Bf3 Rfd8 18. Qe2 Bxc3 19. bxc3 b6 20. h3 Rxc3 21. Rxc3 Qxc3 22.
Bg4 Re8 23. Qe3 Qxe3 24. Rxe3 Kf8 25. Bxe6 Rxe6 26. Rc3 Re1+ 27. Kh2 g6 28. Rc2 Kg7
29. Kg3 h5 30. Kf3 Re5 31. g4 h4 32. Rd2 a5 33. a4 Rc5 34. Rd6 Rc3+ 35. Ke2 Rxh3
36. Rxb6 Ra3 37. f3 Ra2+ 38. Kf1 Rxa4 39. Rb2 Ra3 40. Kg2 g5 41. Rc2 a4 42. Rb2 Ra1
43. Rc2 a3 44. Kf2 a2 0-1

[Event "2024 British Rapidplay Championship"]
[Site "Holiday Inn Peterborough - West"]
[Date "2024.03.02"]
[Round "1.59"]
[White "Dasgupta, Avyukt"]
[Black "Pradhan, Ayan"]
[Result "1-0"]
[WhiteFideId "480630"]
[BlackFideId "498319"]
[WhiteElo "1905"]
[BlackElo "1622"]
[EventDate "2024.03.02"]

1. e4 e6 2. d4 d5 3. Bd3 Nf6 4. exd5 exd5 5. Ne2 Bd6 6. Nbc3 c6 7. Bg5 Be7 8. Qd2
O-O 9. Ng3 Be6 10. O-O Nbd7 11. Nce2 h6 12. Be3 Ng4 13. Nf4 Nxe3 14. Qxe3 Nf6 15.
Nxe6 fxe6 16. Qxe6+ Kh8 17. Nf5 Re8 18. Qf7 Bf8 19. Nh4 Ne4 20. Ng6+ Kh7 21. f3 Qg5
22. fxe4 dxe4 23. Bc4 Bd6 24. Ne5 Bxe5 25. dxe5 Rxe5 26. Rae1 Rd8 27. Rf4 Rde8 28.
Rexe4 Rxe4 29. Bd3 Qd5 30. Qxe8 Qd7 31. Qe5 Qd8 32. Bf1 1-0

[Event "2024 British Rapidplay Championship"]
[Site "Holiday Inn Peterborough - West"]
[Date "2024.03.02"]
[Round "1.60"]
[White "Rogowski, Rafal"]
[Black "George, Matthew P"]
[Result "1/2-1/2"]
[WhiteFideId "343415970"]
[BlackFideId "407763"]
[WhiteElo "1591"]
[BlackElo "2003"]
[EventDate "2024.03.02"]

1. d4 d5 2. Nf3 Nf6 3. c4 e6 4. Nc3 a6 5. a4 Bb4 6. Bg5 Nbd7 7. cxd5 exd5 8. e3 h6
9. Bh4 O-O 10. Bd3 Re8 11. O-O c6 12. Rc1 Nf8 13. Qb3 Be7 14. Ne5 N6d7 15. Bxe7 Qxe7
16. Nxd7 Nxd7 17. Rce1 Nf6 18. f3 Qd6 19. Bb1 b5 20. axb5 axb5 21. Ne2 Bd7 22. Qd3
Qb4 23. b3 Ra3 24. Bc2 c5 25. dxc5 Qxc5 26. Nd4 Ra2 27. Bb1 Ra3 28. Bc2 b4 29. Rf2
Bc8 30. Qd2 Ba6 31. Bb1 Rc8 32. Bc2 Qc3 33. Qxc3 bxc3 34. g3 Nd7 35. Rc1 Nc5 36.
Kg2 Bd3 37. b4 Bxc2 38. Rfxc2 Nd3 39. Rb1 Rca8 40. Kf1 R3a4 41. Rxc3 Nxb4 42. Rcb3
Na6 43. Rb5 Nc7 44. Rb8+ Kh7 45. Rxa8 Rxa8 46. Rb7 Rc8 47. Ke2 Kg6 48. e4 dxe4 49.
fxe4 Ne8 50. Ke3 Nf6 51. Kf4 Rc4 52. Ke5 Ng4+ 53. Kd5 Ne3+ 54. Ke5 f6+ 55. Kf4 Ng2+
56. Kf3 Ne1+ 57. Ke3 Nc2+ 58. Nxc2 Rxc2 59. h4 h5 60. Kf4 Rf2+ 61. Ke3 Ra2 62. Kf4
Ra5 63. Rb6 Re5 64. Ra6 Re7 65. Rb6 Ra7 66. Rc6 Kf7 67. Rb6 1/2-1/2

[Event "2024 British Rapidplay Championship"]
[Site "Holiday Inn Peterborough - West"]
[Date "2024.03.02"]
[Round "1.61"]
[White "Kothari, Jai"]
[Black "Darbost, Fabien"]
[Result "1-0"]
[WhiteFideId "477117"]
[BlackFideId "343407200"]
[WhiteElo "1908"]
[BlackElo "1615"]
[EventDate "2024.03.02"]

1. e4 e6 2. d4 d5 3. Bd3 c5 4. exd5 exd5 5. c3 Nc6 6. Nf3 Nf6 7. O-O Be6 8. Re1 Bd6
9. dxc5 Bxc5 10. Qa4 O-O 11. Qh4 h6 12. Bxh6 Nh7 13. Bxh7+ Kh8 14. Bg5 Qxg5 15. Nxg5
g6 16. Qh6 f6 1-0

[Event "2024 British Rapidplay Championship"]
[Site "Holiday Inn Peterborough - West"]
[Date "2024.03.02"]
[Round "1.62"]
[White "Mitraka, Chrysa"]
[Black "Garnett, John S"]
[Result "0-1"]
[WhiteFideId "2409968"]
[BlackFideId "410829"]
[WhiteElo "1612"]
[BlackElo "1950"]
[EventDate "2024.03.02"]

1. d4 d5 2. c4 dxc4 3. Nf3 c6 4. a4 Nf6 5. Nc3 Bf5 6. e3 e6 7. Bxc4 Bb4 8. O-O O-O
9. Bd3 Bxd3 10. Qxd3 Nbd7 11. Qc2 Qc7 12. Rd1 Rfd8 13. Bd2 Rac8 14. Ne4 Bxd2 15.
Nxf6+ Nxf6 16. Nxd2 e5 17. dxe5 Qxe5 18. Nf3 Qe7 19. Rac1 h6 20. h3 Rxd1+ 21. Rxd1
Rd8 22. b3 Rd5 23. Rxd5 Nxd5 24. Nd2 Nb4 25. Qc3 Qd6 26. Kh1 Nd5 27. Qc2 Qf6 28.
Nf3 Qc3 29. Qxc3 Nxc3 30. Kg1 Kf8 31. Kf1 Ke7 32. Ke1 Kd6 33. Kd2 Ne4+ 34. Ke2 Kc5
35. Nd2 Nc3+ 36. Kd3 Kb4 37. e4 b5 38. axb5 Nxb5 39. f4 Nd6 40. g4 Nb7 41. e5 Nc5+
42. Kc2 g6 43. Nc4 Ne6 44. Nd6 Nxf4 45. Nxf7 h5 46. gxh5 gxh5 47. Ng5 Kc5 48. e6
Kd6 49. Kc3 Nxe6 50. Nf7+ Kd5 51. b4 Nf4 52. Ng5 Ke5 53. Kd2 Kf5 54. h4 Kg4 55. Ke3
Nd5+ 56. Kd4 Nxb4 57. Kc5 a5 58. Ne4 Kxh4 59. Nd2 Kg3 60. Ne4+ Kg2 61. Nd2 h4 62.
Nc4 h3 63. Ne3+ Kg1 64. Ng4 h2 65. Nxh2 Kxh2 66. Kc4 Kg3 67. Kc5 Kf3 68. Kc4 Ke3
69. Kb3 Kd3 70. Ka4 Nd5 71. Kxa5 c5 72. Ka4 c4 73. Ka3 c3 74. Ka2 c2 75. Kb2 Kd2
76. Kb3 c1=Q 77. Ka4 Qb2 78. Ka5 Qb4+ 79. Ka6 Qb6# 0-1

[Event "2024 British Rapidplay Championship"]
[Site "Holiday Inn Peterborough - West"]
[Date "2024.03.02"]
[Round "1.63"]
[White "Kanyamarala, Trisha"]
[Black "Hu, Junyan"]
[Result "1-0"]
[WhiteFideId "45004722"]
[BlackFideId "343401260"]
[WhiteElo "2073"]
[BlackElo "1611"]
[EventDate "2024.03.02"]

1. d4 Nf6 2. c4 e6 3. Nf3 d5 4. cxd5 exd5 5. Nc3 Be6 6. Bg5 Be7 7. e3 c6 8. Bd3 Nbd7
9. O-O O-O 10. Qc2 h6 11. Bh4 Ne8 12. Bg3 Bd6 13. Ne5 Qc7 14. f4 f5 15. Rac1 Rc8
16. Qb3 Nef6 17. Nb5 Qb8 18. Nxd6 Qxd6 19. Qxb7 Rc7 20. Rxc6 Rxb7 21. Rxd6 Re8 22.
b3 Rb6 23. Rxb6 Nxb6 24. Rc1 Rc8 25. Rxc8+ Nxc8 26. Nc6 Ng4 27. Bf2 Bd7 28. Ne5 Nxe5
29. fxe5 Nb6 30. Be1 Kf7 31. a4 Be6 32. a5 Nc8 33. Bb4 Ne7 34. Bc5 Nc6 35. b4 g5
36. Bb5 Bd7 37. Bxa7 Ke6 38. Bc5 h5 39. a6 g4 40. a7 Nxa7 41. Bxd7+ Kxd7 42. Bxa7
Kc6 43. Bc5 Kb5 44. e6 Kc6 45. e7 Kd7 46. b5 Ke8 47. b6 Kd7 48. b7 Kc7 49. e8=Q Kxb7
50. Qd7+ Ka6 51. Qc6+ Ka5 52. Qb6+ Ka4 53. Qb4# 1-0

[Event "2024 British Rapidplay Championship"]
[Site "Holiday Inn Peterborough - West"]
[Date "2024.03.02"]
[Round "1.64"]
[White "Dhingra, Kanvansh"]
[Black "Quilter, Thomas A"]
[Result "0-1"]
[WhiteFideId "33401500"]
[BlackFideId "408530"]
[WhiteElo "1592"]
[BlackElo "2051"]
[EventDate "2024.03.02"]

1. e4 Nc6 2. d4 d6 3. Nf3 Nf6 4. Bd3 e5 5. c3 Bg4 6. d5 Nb8 7. Be3 a5 8. a4 Na6 9.
Bb5+ Nd7 10. Bxa6 Rxa6 11. b4 Be7 12. h3 Bh5 13. Nbd2 O-O 14. Nc4 b6 15. O-O Bg6
16. Qd3 Ra8 17. bxa5 bxa5 18. g4 h5 19. Nh2 Bg5 20. Rfb1 Bxe3 21. Qxe3 Nc5 22. f3
Qh4 23. Kg2 Rfb8 24. Nxe5 Rxb1 25. Rxb1 Nxa4 26. Nc6 Qf6 27. Nd4 Nc5 28. g5 Qe5 29.
Nc6 Qe8 30. Qd4 a4 31. Nb4 a3 32. Re1 a2 33. Nc2 Qb5 34. Qd1 Qb2 35. Kh1 Qxc3 36.
Na1 Rb8 0-1

[Event "2024 British Rapidplay Championship"]
[Site "Holiday Inn Peterborough - West"]
[Date "2024.03.02"]
[Round "1.65"]
[White "Walton, Alan J"]
[Black "Keshari, Rohit"]
[Result "1-0"]
[WhiteFideId "409898"]
[BlackFideId "497088"]
[WhiteElo "2063"]
[BlackElo "1590"]
[EventDate "2024.03.02"]

1. d4 d5 2. c4 e6 3. Nc3 c6 4. e4 dxe4 5. Nxe4 Bb4+ 6. Bd2 Qxd4 7. Bxb4 Qxe4+ 8.
Be2 Nd7 9. Nf3 c5 10. Bc3 Ngf6 11. Qd6 Qc6 12. Qg3 O-O 13. Rd1 Nh5 14. Qh4 Nhf6 15.
Qg3 Re8 16. Ne5 Ne4 17. Nxc6 Nxg3 18. hxg3 bxc6 19. Bf3 Nb8 20. Ke2 Bb7 21. Be4 f5
22. Bc2 Na6 23. Rd7 e5 24. Rxb7 Nb4 25. Bxb4 cxb4 26. Bxf5 g6 27. Be4 1-0

[Event "2024 British Rapidplay Championship"]
[Site "Holiday Inn Peterborough - West"]
[Date "2024.03.02"]
[Round "1.66"]
[White "Liu, Jacob"]
[Black "Fraser-Mitchell, Jeremy N"]
[Result "0-1"]
[WhiteFideId "496960"]
[BlackFideId "405000"]
[WhiteElo "1573"]
[BlackElo "1984"]
[EventDate "2024.03.02"]

1. e4 Nc6 2. d4 d5 3. exd5 Qxd5 4. Nf3 Bg4 5. Be2 O-O-O 6. Nc3 Qh5 7. Be3 e5 8. d5
Bb4 9. O-O Nf6 10. h3 Bxc3 11. bxc3 e4 12. hxg4 Nxg4 13. Nh4 f5 14. Bxg4 fxg4 15.
g3 Rxd5 16. Qe2 Ne5 17. Rfd1 Nf3+ 18. Nxf3 gxf3 19. Rxd5 Qxd5 20. Qf1 Qf5 21. Kh2
g5 22. Qh3 g4 23. Qh4 Rd8 24. Qg5 Qe6 25. Bd4 Rd5 26. Qf6 Qe8 27. Qh8 Qxh8 28. Bxh8
Rd2 29. Bd4 Rxc2 30. a4 b6 31. a5 c5 32. axb6 axb6 33. Be3 Kb7 34. Ra3 Kc6 35. Kg1
b5 36. Kf1 Kd5 37. Ke1 Kc4 38. Kd1 Re2 39. Ra5 Rb2 40. Kc1 Re2 41. Kb1 Rxe3 0-1

[Event "2024 British Rapidplay Championship"]
[Site "Holiday Inn Peterborough - West"]
[Date "2024.03.02"]
[Round "1.67"]
[White "Lishoy Gengis Paratazham, Dildarav"]
[Black "Blair, Jimmy"]
[Result "1-0"]
[WhiteFideId "491462"]
[BlackFideId "437565"]
[WhiteElo "1913"]
[BlackElo "1580"]
[EventDate "2024.03.02"]

1. e4 e5 2. Nf3 Nc6 3. Bc4 h6 4. d3 Nf6 5. c3 Bc5 6. O-O d6 7. Re1 Bg4 8. Nbd2 Qd7
9. a4 a6 10. Nf1 O-O 11. h3 Bh5 12. Ng3 Ne7 13. Nxh5 Nxh5 14. Nxe5 dxe5 15. Qxh5
Qd6 16. b4 Ba7 17. Be3 Bxe3 18. fxe3 b5 19. axb5 Kh8 20. Rxa6 Rxa6 21. bxa6 Qb6 22.
Qxe5 Ng6 23. Qd4 c5 24. Qxc5 Qf6 25. e5 Qh4 26. Rf1 Qg5 27. e6 Ne5 28. Qxf8+ Kh7
29. e7 Qxe3+ 30. Kh1 Qe2 31. Ra1 Ng6 32. e8=Q Nxf8 33. Qxe2 1-0

[Event "2024 British Rapidplay Championship"]
[Site "Holiday Inn Peterborough - West"]
[Date "2024.03.02"]
[Round "1.68"]
[White "Mouskos, Mia"]
[Black "Sivanandan, Bodhana"]
[Result "0-1"]
[WhiteFideId "488380"]
[BlackFideId "497592"]
[WhiteElo "1539"]
[BlackElo "1904"]
[EventDate "2024.03.02"]

1. e4 c6 2. Nf3 d5 3. Nc3 dxe4 4. Nxe4 Nf6 5. Nxf6+ exf6 6. d4 Bd6 7. Bd3 O-O 8.
O-O Re8 9. h3 Be6 10. c3 Nd7 11. Qc2 Nf8 12. Be3 Qd7 13. Rfe1 Ng6 14. Bxg6 hxg6 15.
Rad1 Bf5 16. Qb3 Re7 17. a3 Rae8 18. c4 g5 19. Qc3 g4 20. hxg4 Bxg4 21. Bd2 Qf5 22.
Rxe7 Rxe7 23. Re1 Rxe1+ 24. Nxe1 Qh5 25. g3 Be2 26. Qe3 Bxc4 27. Ng2 Bd5 28. Bc3
Qh3 29. Qe8+ Kh7 30. Nf4 Qh1# 0-1

[Event "2024 British Rapidplay Championship"]
[Site "Holiday Inn Peterborough - West"]
[Date "2024.03.02"]
[Round "1.69"]
[White "Jackson, Sheila"]
[Black "Brookbanks, Alan"]
[Result "1-0"]
[WhiteFideId "402508"]
[BlackFideId "343443389"]
[WhiteElo "1986"]
[BlackElo "1569"]
[EventDate "2024.03.02"]

1. e4 c5 2. Nf3 d6 3. d4 cxd4 4. Nxd4 e5 5. Nf3 Be7 6. Nc3 Nf6 7. Bc4 O-O 8. h3 Nc6
9. a3 a6 10. O-O b5 11. Ba2 Na5 12. Qe2 Bb7 13. Rd1 Qc7 14. Bg5 h6 15. Bxf6 Bxf6
16. Nd5 Bxd5 17. Bxd5 Rac8 18. c3 Be7 19. a4 Nc4 20. axb5 axb5 21. b3 Nb6 22. Qxb5
Nxd5 23. Qxd5 Qxc3 24. Ra7 Bd8 25. Qxd6 Qxb3 26. Rd7 Bf6 27. Nxe5 Bxe5 28. Qxe5 Rce8
29. Qf4 Qa4 30. R1d4 Qa5 31. f3 Re6 32. Kh2 Rg6 33. R4d5 Qa2 34. Rd2 Qa5 35. R7d5
Qa3 36. Qc7 Re6 37. Rd8 Ree8 38. Rxe8 Rxe8 39. Rd8 Qf8 40. Rxe8 Qxe8 41. Qd6 f6 42.
h4 Kh7 43. Kh3 Qc8+ 44. g4 Qc3 45. Qf4 Qe1 46. Qf5+ Kh8 47. g5 Qf1+ 48. Kg4 Qa6 49.
gxh6 gxh6 50. Kh5 Qd6 51. Kxh6 Qf8+ 52. Kh5 Qf7+ 53. Qg6 Qg8 1-0

[Event "2024 British Rapidplay Championship"]
[Site "Holiday Inn Peterborough - West"]
[Date "2024.03.02"]
[Round "1.70"]
[White "Kaushik, Madhav"]
[Black "Waldhausen Gordon, Frederick"]
[Result "0-1"]
[WhiteFideId "499986"]
[BlackFideId "2409143"]
[WhiteElo "1559"]
[BlackElo "2045"]
[EventDate "2024.03.02"]

1. e4 c5 2. Nf3 Nc6 3. d4 cxd4 4. Nxd4 Nf6 5. Nc3 e5 6. Ndb5 d6 7. Nd5 Nxd5 8. exd5
Nb8 9. a4 Be7 10. Be2 O-O 11. Bd2 Na6 12. a5 Nc7 13. Bb4 Nxb5 14. Bxb5 Bd7 15. Bxd7
Qxd7 16. O-O f5 17. f4 exf4 18. Rxf4 Bf6 19. Qd3 Bxb2 20. Raf1 Be5 21. Rxf5 Rxf5
22. Qxf5 Qxf5 23. Rxf5 Rc8 24. Rxe5 dxe5 25. c3 Kf7 26. Kf2 Rc4 27. g3 b5 28. axb6
axb6 29. Ke3 b5 30. d6 Ke6 31. h3 h5 32. Kd3 Rxb4 33. d7 Kxd7 34. cxb4 Kd6 35. g4
hxg4 36. hxg4 g5 37. Ke4 Ke6 38. Ke3 Kd5 39. Kd3 e4+ 40. Ke3 Ke5 41. Ke2 Kf4 0-1

[Event "2024 British Rapidplay Championship"]
[Site "Holiday Inn Peterborough - West"]
[Date "2024.03.02"]
[Round "1.71"]
[White "Grigoryan, Meri"]
[Black "Manavalan, Keerthi Kumar"]
[Result "1-0"]
[WhiteFideId "13300571"]
[BlackFideId "343412661"]
[WhiteElo "1957"]
[BlackElo "1559"]
[EventDate "2024.03.02"]

1. Nf3 Nf6 2. d4 d6 3. c4 g6 4. Nc3 Bg7 5. Bg5 c6 6. Qd2 Nbd7 7. Bh6 Bxh6 8. Qxh6
Rb8 9. e4 b5 10. e5 dxe5 11. dxe5 Ng4 12. Qg7 Rf8 13. cxb5 Qc7 14. e6 Ndf6 15. Bc4
Bxe6 16. Bxe6 fxe6 17. Ng5 Qe5+ 18. Nce4 Nxe4 19. Qxe5 Nxe5 20. Nxe4 Nd3+ 21. Ke2
Nf4+ 22. Kf1 cxb5 23. Rd1 Rd8 24. Rxd8+ Kxd8 25. Nc5 Rf6 26. g3 Nd5 27. Kg2 Kc7 28.
Re1 Kd6 29. Ne4+ Ke5 30. Nxf6+ Kxf6 31. f4 Nb4 32. Re3 a5 33. Rc3 Nxa2 34. Ra3 Nc1
35. Rxa5 b4 36. Rb5 b3 37. Kf3 h5 38. Ke3 e5 39. Kd2 Na2 40. Rxb3 exf4 41. gxf4 Kf5
1-0

[Event "2024 British Rapidplay Championship"]
[Site "Holiday Inn Peterborough - West"]
[Date "2024.03.02"]
[Round "1.72"]
[White "Yu, Robin"]
[Black "Baer, Bruce L"]
[Result "0-1"]
[WhiteFideId "343401333"]
[BlackFideId "488801"]
[WhiteElo "1554"]
[BlackElo "1918"]
[EventDate "2024.03.02"]

1. c4 g6 2. Nc3 Bg7 3. g3 d6 4. Bg2 e5 5. e4 Nc6 6. Nge2 h5 7. d3 h4 8. h3 hxg3 9.
fxg3 Nh6 10. Be3 Nd4 11. O-O Be6 12. Qd2 Qd7 13. g4 O-O-O 14. Nd5 Bxd5 15. exd5 f5
16. Nxd4 exd4 17. Bxh6 Bxh6 18. g5 Bg7 19. b4 Rh5 20. Qf4 Be5 21. Qd2 f4 22. Rxf4
Bxf4 23. Qxf4 Qf5 24. Rf1 Qxf4 25. Rxf4 Rxg5 26. Kh2 Re8 27. Be4 a5 28. a3 Kd7 29.
Rf7+ Re7 30. Rf8 a4 31. Rg8 Rxe4 32. dxe4 d3 33. Rf8 d2 34. Rf7+ Ke8 35. Rf1 Re5
36. Rd1 Rxe4 37. Rxd2 Rxc4 38. Rd3 Kf7 39. Kg3 Kf6 40. Kf3 Kf5 41. Ke3 Rc2 42. Kf3
Rb2 43. Ke3 Ke5 44. h4 Rh2 0-1

[Event "2024 British Rapidplay Championship"]
[Site "Holiday Inn Peterborough - West"]
[Date "2024.03.02"]
[Round "1.73"]
[White "Yu, Rock"]
[Black "Mohammed Sharifdeen, Mohamed Nasrudeen Meeran"]
[Result "1-0"]
[WhiteFideId "489000"]
[BlackFideId "343423736"]
[WhiteElo "1907"]
[BlackElo "1551"]
[EventDate "2024.03.02"]

1. c4 Nf6 2. Nc3 e5 3. g3 d5 4. cxd5 Nxd5 5. Bg2 c6 6. Nf3 Bd6 7. O-O O-O 8. d4 e4
9. Nxe4 Re8 10. Nc3 Be6 11. e4 Nxc3 12. bxc3 Bc7 13. Re1 Nd7 14. Be3 Bg4 15. Qc2
Nf6 16. Bg5 h6 17. Bxf6 Qxf6 18. e5 Qe6 19. Nd2 Kh8 20. Qb3 Qxb3 21. axb3 a6 22.
b4 Rad8 23. Nb3 Be6 24. Nc5 Rb8 25. Nxe6 fxe6 26. c4 Rbd8 27. Rad1 Bb6 28. d5 Rf8
29. c5 Bc7 30. dxe6 Rxd1 31. Rxd1 Bxe5 32. e7 Rg8 33. Rd8 1-0

[Event "2024 British Rapidplay Championship"]
[Site "Holiday Inn Peterborough - West"]
[Date "2024.03.02"]
[Round "1.74"]
[White "Ferris, Oliver"]
[Black "Verbytski, Oleg"]
[Result "0-1"]
[WhiteFideId "343400850"]
[BlackFideId "495506"]
[WhiteElo "1546"]
[BlackElo "1894"]
[EventDate "2024.03.02"]

1. e4 c5 2. Nf3 d6 3. d4 cxd4 4. Nxd4 Nf6 5. Nc3 a6 6. Be3 e6 7. Be2 Be7 8. Qd2 b5
9. a3 Bb7 10. f3 Nc6 11. O-O Rc8 12. Rad1 Qc7 13. Rfe1 O-O 14. Bf1 Rfd8 15. Qf2 Nd7
16. g3 Nce5 17. Bd3 Nc4 18. Bxc4 Qxc4 19. Qe2 Ne5 20. Bc1 Qxe2 21. Rxe2 Nc4 22. Na2
g6 0-1